Unique Pokémon Type Combinations - Statistics

General Stats
  • This quiz has been taken 27 times
  • The average score is 17 of 21
Answer Stats
Type 1 Type 2 Generation Answer % Correct
Water Steel 4 Empoleon
95%
Fire Water 6 Volcanion
95%
Normal Water 4 Bibarel
90%
Fighting Ice 7 Crabominable
90%
Ice Ghost 4 Froslass
90%
Fire Steel 4 Heatran
90%
Electric Ghost 4 Rotom
90%
Electric Fire 4 Rotom Heat
90%
Bug Ghost 3 Shedinja
90%
Ice Fairy 7 Alolan Ninetales
85%
Ice Fire 8 Galarian Zen Mode Darmanitan
80%
Bug Dark 9 Lokix
80%
Dragon Fairy 6 Mega Altaria
80%
Electric Psychic 7 Alolan Raichu
75%
Fairy Fighting 9 Iron Valiant
70%
Electric Dark 8 Morpeko
70%
Rock Fighting 5 Terrakion
70%
Rock Dark 2 Tyranitar
70%
Poison Fairy 8 Galarian Weezing
65%
Ground Fighting 9 Great Tusk
60%
Poison Fairy 9 Fezandipiti
55%
No matching quizzes found
Score Distribution
Percent of People with Each Score
Percentile by Number Answered
Your Score History
You have not taken this quiz